Paesi più vicini ad Haiti - Morte improvvisa - Statistics

Statistiche generali
  • Questo quiz è stato fatto 8 volte
  • Il punteggio medio è 5 su 15
Answers on the Grid
Answers color-coded by a green-red scale on the quiz's grid according to % correct below.
Repubblica Dominicana
Cuba
Bahamas
Giamaica
Colombia
Venezuela
Stati Uniti
Saint Kitts e Nevis
Antigua e Barbuda
Honduras
Nicaragua
Panama
Dominica
Saint Lucia
Saint Vincent e Grenadine
Messico
Canada
El Salvador
Belize
Guyana
Suriname
Ecuador
Perù
Brasile
Paraguay
Bolivia
Trinidad e Tobago
Argentina
Gambia
Irlanda
 
Statistiche sulle risposte
Risposta % Corretto
Dominica
50%
Repubblica Dominicana
50%
Saint Lucia
50%
Antigua e Barbuda
33%
Bahamas
33%
Colombia
33%
Cuba
33%
Giamaica
33%
Honduras
33%
Panama
33%
Saint Kitts e Nevis
33%
Nicaragua
17%
Saint Vincent e Grenadine
17%
Stati Uniti
17%
Venezuela
17%
Nessun quiz corrispondente trovato
Distribuzione punteggi
Percentuale di utenti per punteggio
Percentile per numero di risposta
I tuoi punteggi nel tempo
Non hai fatto questo quiz